00912nam a2200241Ia 4500003000400000005001700004008004100021020001800062040001800080041000800098082001900106100003100125245006300156250001200219260004600231300002700277650005200304650003000356650006100386942003100447999001900478952017300497OSt20260324091138.0210716s2018 xx 000 0 und d a9788126571062 cAIMIT LIBRARY aeng a658.404 bPORS aPortny, Stanley E.9259035 aProject management :bfor dummies /cBy Stanley E. Portny. a5th ed. aNew Delhi :bWiley India Pvt Ltd ,c2018. axiii,434bPBc23.5 cm. aGetting started with project management9259036 aSteering the ship9259037 aTaking your project management to the next level9259038 2ddccBKe5thk658.404 PORS c197314d197314 00102ddc40708MCAaAIMITbAIMITcPMeKnowledge Worldg599.00iBill no:929; Bill dt:2020-03-16l0o658.404 PORSpMCA16829r2025-07-21 00:00:00v449.25w2021-07-16yBK